[Event "Gaia Profigaia op 17th"]
[Site "Vila Nova de Gaia"]
[Date "2017.06.17"]
[Round "5"]
[White "Mendes, Pedro Miguel Gomes"]
[Black "Moreira, Rafael Mota"]
[Result "1-0"]
[WhiteElo "1867"]
[BlackElo "1478"]
[PlyCount "53"]
[EventDate "2017.06.14"]
[EventType "swiss"]
[EventRounds "7"]
[EventCountry "POR"]
[SourceTitle "CBM 179 Extra"]
[Source "ChessBase"]
[SourceDate "2017.08.23"]
[SourceVersion "1"]
[SourceVersionDate "2017.08.23"]
[SourceQuality "1"]

1. e4 e5 2. Nf3 Nc6 3. Bb5 d6 4. d4 exd4 5. Nxd4 Bd7 6. Nc3 g6 7. h4 Bg7 8. Be3 Nf6 9. Qd2 Ng4 10. Bg5 Bf6 11. Nxc6 bxc6 12. Be2 Bxg5 13. hxg5 f6 14. Bxg4 Bxg4 15. Qf4 Be6 16. gxf6 Kf7 17. e5 dxe5 18. Qxe5 Re8 19. Rxh7+ Kg8 20. Rg7+ Kf8 21. Qc5+ Qd6 22. Qxd6+ cxd6 23. 0-0-0 Bf7 24. Rh1 Bg8 25. Rh8 Re1+ 26. Kd2 Re7 27. Rhxg8# 1-0

[Event "Gaia Profigaia op 17th"]
[Site "Vila Nova de Gaia"]
[Date "2017.06.16"]
[Round "4"]
[White "Moreira, Rafael Mota"]
[Black "Filipe, Guilherme Castro"]
[Result "1-0"]
[WhiteElo "1478"]
[BlackElo "1145"]
[PlyCount "113"]
[EventDate "2017.06.14"]
[EventType "swiss"]
[EventRounds "7"]
[EventCountry "POR"]
[SourceTitle "CBM 179 Extra"]
[Source "ChessBase"]
[SourceDate "2017.08.23"]
[SourceVersion "1"]
[SourceVersionDate "2017.08.23"]
[SourceQuality "1"]

1. e4 e5 2. Nf3 Nc6 3. Bc4 Bc5 4. d3 Nf6 5. 0-0 d6 6. Be3 Bb6 7. Nc3 Bg4 8. Nd5 Nxd5 9. Bxd5 Qf6 10. Qe2 Nd4 11. Bxd4 Bxd4 12. c3 c6 13. Bxc6+ bxc6 14. cxd4 exd4 15. Rac1 c5 16. Rfe1 Bxf3 17. Qxf3 Qxf3 18. gxf3 f6 19. f4 Kd7 20. e5 fxe5 21. fxe5 Kc6 22. e6 Rhe8 23. Re4 Rac8 24. Rce1 Rc7 25. e7 d5 26. Re6+ Kd7 27. Kg2 c4 28. R6e5 cxd3 29. Rxd5+ Kc6 30. Rxd4 Rcxe7 31. Rxe7 Rxe7 32. Rxd3 Re2 33. Ra3 Rxb2 34. Rxa7 Kb6 35. Rxg7 Rxa2 36. Rxh7 Kc6 37. h4 Kd6 38. Rf7 Ke6 39. Rf3 Ke7 40. Kg3 Ra6 41. Kg4 Ra4+ 42. Rf4 Rxf4+ 43. Kxf4 Kf6 44. Ke4 Kg6 45. Ke5 Kh5 46. Ke6 Kxh4 47. f4 Kh5 48. f5 Kh6 49. Ke7 Kg5 50. f6 Kg6 51. f7 Kf5 52. f8R+ Ke5 53. Ra8 Kf5 54. Ra6 Ke5 55. Ra5+ Kd4 56. Ke6 Kc4 57. Kd6 1-0

[Event "POR-ch U20"]
[Site "Luso"]
[Date "2017.04.09"]
[Round "3"]
[White "Moreira, Rafael Mota"]
[Black "Corte Real, Carlos Alberto Mor"]
[Result "1/2-1/2"]
[WhiteElo "1456"]
[BlackElo "1466"]
[PlyCount "124"]
[EventDate "2017.04.08"]
[EventType "swiss"]
[EventRounds "7"]
[EventCountry "POR"]
[SourceTitle "EXT 2018"]
[Source "ChessBase"]
[SourceDate "2017.10.13"]
[SourceVersion "1"]
[SourceVersionDate "2017.10.13"]
[SourceQuality "1"]

1. e4 c5 2. Nf3 d6 3. Nc3 Nf6 4. d4 cxd4 5. Nxd4 e6 6. Bc4 Qc7 7. Bb3 a6 8. Be3 Be7 9. 0-0 0-0 10. Qf3 Nc6 11. Qg3 Rd8 12. Bh6 Ne8 13. Nde2 Bd7 14. Nf4 Kh8 15. Bg5 f6 16. Bh4 g5 17. Nxe6 Bxe6 18. Bxe6 Ng7 19. Nd5 Qb8 20. Nxe7 Nxe7 21. Bxg5 fxg5 22. Qxg5 Qc7 23. Bb3 Nc6 24. Kh1 Re8 25. Rae1 Re5 26. Qg3 Qe7 27. Qd3 Re8 28. f3 Nf5 29. Qc3 Nfd4 30. Bd5 Nb5 31. Qd2 Nc7 32. Bxc6 bxc6 33. Qd4 Nb5 34. Qb6 Rh5 35. Qxc6 Rg8 36. g4 Rh3 37. Qxa6 Qh4 38. Re2 Nd4 39. Rd2 Nxf3 40. Qxd6 Qxg4 41. Qf6+ Qg7 42. Qxg7+ Rxg7 43. Rd8+ Rg8 44. Rxg8+ Kxg8 45. Kg2 Ng5 46. Rf5 Rh5 47. h4 Ne6 48. Rxh5 Nf4+ 49. Kf3 Nxh5 50. e5 Kf7 51. a4 Ke6 52. Ke4 Ng3+ 53. Kf3 Nf5 54. Kf4 Nxh4 55. a5 Ng6+ 56. Kg5 Nxe5 57. Kh6 Kd6 58. a6 Kc6 59. b4 Kb6 60. b5 Nc4 61. Kxh7 Kxb5 62. a7 Nb6 1/2-1/2

[Event "POR-ch U18"]
[Site "Luso"]
[Date "2015.07.25"]
[Round "5"]
[White "Branco, Joana Catarina Cost"]
[Black "Moreira, Rafael Mota"]
[Result "0-1"]
[WhiteElo "1564"]
[BlackElo "1380"]
[PlyCount "82"]
[EventDate "2015.07.22"]
[EventType "swiss"]
[EventRounds "7"]
[EventCountry "POR"]
[SourceTitle "EXT 2018"]
[Source "ChessBase"]
[SourceDate "2017.10.13"]
[SourceVersion "1"]
[SourceVersionDate "2017.10.13"]
[SourceQuality "1"]

1. e4 e5 2. Nf3 Nc6 3. Bb5 d6 4. 0-0 Nf6 5. Re1 Bd7 6. c3 Be7 7. d4 exd4 8. cxd4 0-0 9. Nbd2 Qe8 10. Bd3 Bg4 11. Qb3 Qc8 12. a3 Re8 13. Ng5 Nxd4 14. Qxf7+ Kh8 15. Qc4 Ne6 16. Ndf3 h6 17. Nxe6 Bxe6 18. Qc2 Bg4 19. e5 Nd5 20. Bg6 Bxf3 21. Bxe8 Qg4 22. Qg6 Rxe8 23. Qxg4 Bxg4 24. exd6 cxd6 25. h3 Bh5 26. Re6 Bf7 27. Re4 Bf6 28. Rxe8+ Bxe8 29. Bd2 Bc6 30. Rb1 Nb6 31. Bb4 d5 32. Kf1 Bb5+ 33. Ke1 d4 34. Bc5 Nc8 35. f4 b6 36. Bb4 a5 37. Bd2 Nd6 38. b4 Bd3 39. Rc1 axb4 40. Bxb4 Nc4 41. Rd1 Bh4+ 0-1

[Event "POR-ch U18"]
[Site "Luso"]
[Date "2015.07.24"]
[Round "4"]
[White "Moreira, Rafael Mota"]
[Black "Silva, Mariana Sofia Teixe"]
[Result "0-1"]
[WhiteElo "1380"]
[BlackElo "1733"]
[PlyCount "154"]
[EventDate "2015.07.22"]
[EventType "swiss"]
[EventRounds "7"]
[EventCountry "POR"]
[SourceTitle "EXT 2018"]
[Source "ChessBase"]
[SourceDate "2017.10.13"]
[SourceVersion "1"]
[SourceVersionDate "2017.10.13"]
[SourceQuality "1"]

1. e4 c5 2. Nf3 Nc6 3. Nc3 g6 4. d3 Bg7 5. Bd2 d6 6. Be2 Nf6 7. 0-0 0-0 8. Qc1 Rb8 9. h3 b5 10. Bh6 a5 11. Qg5 Ba6 12. Qh4 Nd4 13. Bd1 b4 14. Ne2 Nxf3+ 15. gxf3 Nh5 16. Bxg7 Kxg7 17. Ng3 Nxg3 18. fxg3 e5 19. Qxd8 Rbxd8 20. f4 c4 21. Be2 Rc8 22. Rac1 exf4 23. gxf4 Rfe8 24. Kf2 f5 25. exf5 gxf5 26. Rg1+ Kf6 27. Kf3 d5 28. d4 Re4 29. c3 Rce8 30. Bd1 Re3+ 31. Kg2 Rg8+ 32. Kh2 Rxh3+ 33. Kxh3 Rxg1 34. cxb4 axb4 35. Kh2 Rf1 36. Kg2 Rxf4 37. Be2 Rxd4 38. b3 Rd2 39. Kf3 Rxa2 40. bxc4 dxc4 41. Bxc4 Bxc4 42. Rxc4 b3 43. Kf4 Rf2+ 44. Kg3 Rc2 45. Rb4 b2 46. Kf4 b1Q 47. Rxb1 Rc4+ 48. Kg3 Kg5 49. Rh1 h5 50. Kf2 h4 51. Rg1+ Kh5 52. Kf3 Rg4 53. Re1 Kg5 54. Re8 Rg3+ 55. Kf2 Kf4 56. Rh8 h3 57. Rh4+ Rg4 58. Rxh3 Rg8 59. Rh4+ Kg5 60. Rh1 Ra8 61. Rg1+ Kf4 62. Rb1 Ra2+ 63. Ke1 Kg4 64. Kf1 f4 65. Rb8 Kf3 66. Rb3+ Kg4 67. Rb8 Kg3 68. Rb3+ f3 69. Ke1 Kg2 70. Rxf3 Kxf3 71. Kd1 Ke3 72. Kc1 Kd3 73. Kb1 Rh2 74. Kc1 Rg2 75. Kb1 Kc3 76. Ka1 Kb3 77. Kb1 Rg1# 0-1

[Event "POR-ch U16"]
[Site "Luso"]
[Date "2014.07.23"]
[Round "1"]
[White "Dionizio, Andre Filipe Nascim"]
[Black "Moreira, Rafael Mota"]
[Result "1-0"]
[WhiteElo "1650"]
[BlackElo "1282"]
[PlyCount "133"]
[EventDate "2014.07.23"]
[EventType "swiss"]
[EventRounds "7"]
[EventCountry "POR"]
[SourceTitle "EXT 2015"]
[Source "ChessBase"]
[SourceDate "2014.11.20"]
[SourceVersion "1"]
[SourceVersionDate "2014.11.20"]
[SourceQuality "1"]

1. e4 e5 2. Nf3 Nc6 3. d4 exd4 4. Nxd4 Qf6 5. Be3 Bc5 6. c3 Nge7 7. Be2 0-0 8. 0-0 Re8 9. Nxc6 Qxc6 10. Bxc5 Qxc5 11. Qd4 Qxd4 12. cxd4 d5 13. exd5 Nxd5 14. Bf3 c6 15. Bxd5 cxd5 16. Nc3 Be6 17. Rac1 Rac8 18. Rfe1 a6 19. Na4 Rxc1 20. Rxc1 Rc8 21. Rxc8+ Bxc8 22. Nc3 Be6 23. f4 f5 24. Kf2 Kf7 25. Na4 b5 26. Nc5 a5 27. Nb7 a4 28. Nd6+ Ke7 29. Nxb5 Bd7 30. Nc3 Bc6 31. b3 axb3 32. axb3 Ke6 33. Ke3 g6 34. Na2 Kd6 35. Kd2 Bb5 36. Kc3 Kc6 37. Kb4 Kb6 38. Nc3 Bc6 39. Na4+ Bxa4 40. bxa4 h6 41. h4 h5 42. g3 Kc6 43. a5 Kb7 44. Kc5 Ka6 45. Kxd5 Kxa5 46. Ke6 Kb6 47. d5 Kc7 48. Ke7 Kb6 49. d6 Kc5 50. d7 Kd4 51. d8Q+ Ke3 52. Qd5 Kf2 53. Qd3 Kg2 54. Kf6 Kh3 55. Kxg6 Kg4 56. Qe2+ Kxg3 57. Qxh5 Kxf4 58. Qxf5+ Ke3 59. Qg4 Kd3 60. Qf4 Ke2 61. Qg3 Kd2 62. Qf3 Ke1 63. Qg2 Kd1 64. Kf5 Kc1 65. Ke4 Kd1 66. Kd3 Ke1 67. Qe2# 1-0

[Event "Gaia Profigaia op 7th"]
[Site "Vila Nova de Gaia"]
[Date "2014.07.02"]
[Round "7"]
[White "Moreira, Rafael Mota"]
[Black "Santos, Antonio Miguel Oliv"]
[Result "1/2-1/2"]
[WhiteElo "1282"]
[BlackElo "1471"]
[PlyCount "77"]
[EventDate "2014.06.28"]
[EventType "swiss"]
[EventRounds "9"]
[EventCountry "POR"]
[SourceTitle "CBM 161 Extra"]
[Source "ChessBase"]
[SourceDate "2014.08.29"]
[SourceVersion "1"]
[SourceVersionDate "2014.08.29"]
[SourceQuality "1"]

1. e4 c5 2. Nf3 Nc6 3. Bc4 g6 4. Nc3 Bg7 5. d3 Nf6 6. Bd2 0-0 7. 0-0 d6 8. h3 Bd7 9. Qc1 a6 10. Bh6 b5 11. Bd5 Nxd5 12. Nxd5 e6 13. Nc3 b4 14. Ne2 a5 15. b3 a4 16. Bxg7 Kxg7 17. Qb2+ Kg8 18. Ng3 axb3 19. axb3 Qb6 20. Qf6 Qd8 21. Qxd8 Rfxd8 22. Ne2 Kg7 23. g4 f5 24. exf5 exf5 25. gxf5 Bxf5 26. Kh2 d5 27. Nf4 c4 28. Nh4 Nd4 29. Nxf5+ gxf5 30. Rxa8 Rxa8 31. Nxd5 cxd3 32. cxd3 Ra3 33. Rb1 Nxb3 34. Nxb4 Nc5 35. Rd1 Rb3 36. Rc1 Nxd3 37. Nxd3 Rxd3 38. Rc6 Kf7 39. Kg2 1/2-1/2

[Event "Gaia Profigaia op 7th"]
[Site "Vila Nova de Gaia"]
[Date "2014.06.29"]
[Round "3"]
[White "Saraiva, Rafael Morais"]
[Black "Moreira, Rafael Mota"]
[Result "1-0"]
[WhiteElo "1603"]
[BlackElo "1282"]
[PlyCount "129"]
[EventDate "2014.06.28"]
[EventType "swiss"]
[EventRounds "9"]
[EventCountry "POR"]
[SourceTitle "CBM 161 Extra"]
[Source "ChessBase"]
[SourceDate "2014.08.29"]
[SourceVersion "1"]
[SourceVersionDate "2014.08.29"]
[SourceQuality "1"]

1. Nf3 Nc6 2. g3 e5 3. d3 Nf6 4. Bg2 d6 5. 0-0 Be7 6. Nbd2 d5 7. c4 0-0 8. a3 Re8 9. b4 Bf8 10. cxd5 Qxd5 11. Nc4 Qd7 12. Bb2 Qf5 13. b5 Nd4 14. Nxd4 exd4 15. Bxd4 Qxb5 16. Rb1 Qa5 17. Bxf6 gxf6 18. Re1 c6 19. Qb3 b5 20. Ne3 Bd7 21. Nc2 Qb6 22. Qc3 Bg7 23. Nb4 Rac8 24. Rbc1 Re6 25. Bh3 f5 26. Qc2 Rd6 27. Qc5 Qxc5 28. Rxc5 a5 29. Nc2 Rd5 30. Rxd5 cxd5 31. Ne3 Rc3 32. Bxf5 Bxf5 33. Nxf5 Rxa3 34. Ne7+ Kf8 35. Nxd5 b4 36. Nb6 a4 37. Kg2 b3 38. Rb1 Ra2 39. Nxa4 Rxa4 40. Rxb3 Ke7 41. Rb5 Kd6 42. Rh5 h6 43. e3 Rg4 44. Kf3 Ra4 45. d4 Ra6 46. h4 Ke6 47. Rb5 Ra3 48. Kf4 Ra6 49. g4 f6 50. e4 Kd6 51. d5 Ra2 52. f3 Ra6 53. Kf5 Ra7 54. Rb6+ Ke7 55. Kg6 Bf8 56. Rxf6 Ke8 57. g5 hxg5 58. hxg5 Rg7+ 59. Kf5 Be7 60. Rg6 Rf7+ 61. Kg4 Kd7 62. e5 Rf8 63. Rg7 Ke8 64. d6 Bd8 65. d7# 1-0

[Event "Gaia Profigaia op 6th"]
[Site "Vila Nova de Gaia"]
[Date "2013.07.06"]
[Round "2.26"]
[White "Moreira, Rafael Mota"]
[Black "Freitas, Ruben Manuel"]
[Result "0-1"]
[WhiteElo "1227"]
[BlackElo "1492"]
[PlyCount "164"]
[EventDate "2013.07.06"]
[EventType "swiss"]
[EventRounds "9"]
[EventCountry "POR"]
[SourceTitle "EXT 2015"]
[Source "ChessBase"]
[SourceDate "2014.11.20"]
[SourceVersion "1"]
[SourceVersionDate "2014.11.20"]
[SourceQuality "1"]

1. e4 c5 2. Nf3 e6 3. Bc4 a6 4. Nc3 b5 5. Bd3 Bb7 6. 0-0 Qc7 7. Re1 d6 8. e5 Nd7 9. exd6 Bxd6 10. g3 Ngf6 11. Ne4 0-0 12. Nxd6 Qxd6 13. Ng5 h6 14. Ne4 Qc6 15. Qf3 Kh8 16. Qe3 c4 17. Bf1 Qxe4 18. Qxe4 Bxe4 19. Bg2 Bxg2 20. Kxg2 Nc5 21. Re5 Ncd7 22. Re2 Rad8 23. b3 cxb3 24. axb3 Ra8 25. Re3 Nd5 26. Rd3 Rfc8 27. c3 Nc5 28. Rf3 Nxb3 29. Rb1 Nxc1 30. Rxc1 Kg8 31. Rd3 a5 32. Rd4 a4 33. Re4 a3 34. Ree1 a2 35. Ra1 b4 36. cxb4 Nxb4 37. Red1 Nc2 38. Rac1 a1Q 39. Rxa1 Rxa1 40. Rxa1 Nxa1 41. d3 Rc2 42. d4 Rd2 43. d5 Rxd5 44. Kh3 Nc2 45. Kg2 Rd2 46. Kh3 Rxf2 47. g4 e5 48. Kg3 Rf6 49. Kh4 e4 50. h3 e3 51. Kh5 e2 52. h4 Rf4 53. g5 Rxh4+ 54. Kxh4 hxg5+ 55. Kh5 e1B 56. Kxg5 Kf8 57. Kf5 Ke7 58. Ke5 Bh4 59. Kf4 Bf6 60. Ke4 Kd6 61. Kf5 Kd5 62. Kf4 Nd4 63. Ke3 Bg5+ 64. Kd3 Bf4 65. Kc3 Be5 66. Kd3 Nc6 67. Ke3 Bd4+ 68. Kd3 Ne5+ 69. Kc2 Kc4 70. Kd2 Kb3 71. Ke2 Kc3 72. Ke1 Kd3 73. Kd1 Bf2 74. Kc1 Nc4 75. Kd1 Nb2+ 76. Kc1 Kc3 77. Kb1 Kb3 78. Kc1 Be3+ 79. Kb1 Nc4 80. Ka1 Bf4 81. Kb1 Na3+ 82. Ka1 Be5# 0-1